[Event "56th World U20 ch"]
[Site "Tarvisio ITA"]
[Date "2017.11.20"]
[Round "7.45"]
[White "Tasdogen, Dincer"]
[Black "Makhnev, Denis"]
[Result "0-1"]
[WhiteElo "2235"]
[BlackElo "2379"]
[EventDate "2017.11.13"]
[PlyCount "66"]

1.e4 e5 2.Nf3 Nc6 3.d4 exd4 4.Nxd4 Nf6 5.Nxc6 bxc6 6.e5 Qe7 7.Qe2 Nd5 8.c4
Nb6 9.Nc3 Qe6 10.Qe4 g6 11.Bf4 Bg7 12.O-O-O Bb7 13.h4 O-O 14.Bd3 Rfe8 15.
Rde1 Rab8 16.h5 Ba6 17.hxg6 hxg6 18.b3 d5 19.cxd5 cxd5 20.Qe2 Qc6 21.Bxa6 
Qxc3+ 22.Kb1 Na4 23.Rc1 Bxe5 24.Bxe5 Rxe5 25.Qc2 d4 26.Bc4 Kg7 27.Rh3 Qa5 
28.Ka1 Nc5 29.Qb2 Re4 30.f3 Na4 31.Qc2 Re1 32.bxa4 d3 33.Rh7+ Kxh7 0-1

[Event "56th World U20 ch"]
[Site "Tarvisio ITA"]
[Date "2017.11.20"]
[Round "7.46"]
[White "Haria, Ravi"]
[Black "Nie Xinyang"]
[Result "0-1"]
[WhiteElo "2364"]
[BlackElo "2288"]
[EventDate "2017.11.13"]
[PlyCount "75"]

1.Nf3 d5 2.g3 Bg4 3.Bg2 Nd7 4.O-O Ngf6 5.d3 e6 6.h3 Bxf3 7.Bxf3 Be7 8.Nd2 
O-O 9.e4 c6 10.Qe2 Qc7 11.Bg2 Bc5 12.c3 e5 13.a4 a5 14.exd5 cxd5 15.Nb1 
Rfe8 16.Na3 Bxa3 17.Rxa3 h6 18.Be3 e4 19.Rb3 b6 20.Rb5 Nc5 21.dxe4 Nfxe4 
22.Qf3 Rad8 23.Rd1 Re6 24.Bf4 Qc6 25.h4 Na6 26.Bf1 Nac5 27.b4 Nxa4 28.bxa5
Nexc3 29.Rc1 bxa5 30.Rxa5 Qb6 31.Ra6 Qd4 32.Rxe6 fxe6 33.Re1 Ne4 34.Be3 
Qf6 35.Qg4 Nac5 36.f3 Qc3 37.Re2 Nf6 38.Qg6 {... 57 moves} 0-1

[Event "56th World U20 ch"]
[Site "Tarvisio ITA"]
[Date "2017.11.20"]
[Round "7.47"]
[White "Signorelli, Gaetano"]
[Black "Tran Minh Thang"]
[Result "1/2-1/2"]
[WhiteElo "2193"]
[BlackElo "2361"]
[EventDate "2017.11.13"]
[PlyCount "112"]

1.e4 c5 2.Nf3 e6 3.d4 cxd4 4.Nxd4 a6 5.Nc3 d6 6.Be2 b5 7.a3 Bb7 8.f4 Nd7 
9.O-O Rc8 10.Bf3 Qc7 11.Kh1 Be7 12.Qe2 h6 13.Bh5 g6 14.Bf3 e5 15.Nb3 Ngf6 
16.Be3 Nb6 17.Rad1 Nc4 18.Bc1 Nxa3 19.fxe5 dxe5 20.Nd5 Bxd5 21.exd5 Nc4 
22.g3 Kf8 23.Bg2 Kg7 24.c3 Qb6 25.Rd3 Rhe8 26.Nd2 Rcd8 27.Rdf3 Nxd2 28.
Qxd2 Rh8 29.Qe2 Qd6 30.Qf2 Rhf8 31.Be3 Rc8 32.b4 Ng4 33.Rxf7+ Kg8 34.Rxf8+
Rxf8 35.Qe2 Rxf1+ 36.Bxf1 Nxe3 37.Qxe3 Qxd5+ 38.Bg2 Qd1+ 39.Qg1 Qd2 40.Qf1
Kg7 41.Qa1 Qe3 42.Bc6 e4 43.Qxa6 Qe1+ 44.Kg2 Qe2+ 45.Kg1 e3 46.Bxb5 Qe1+ 
47.Bf1 $11 h5 48.Qe2 Qxc3 49.b5 Bc5 50.Kg2 h4 51.Qf3 Qd2+ 52.Be2 Qe1 53.
Qf1 Qc3 54.Qf3 Qd4 55.Qg4 Qd5+ 56.Qf3 Qxf3+ $11 1/2-1/2

[Event "56th World U20 ch"]
[Site "Tarvisio ITA"]
[Date "2017.11.20"]
[Round "7.48"]
[White "Sezdbekov, Ruslan"]
[Black "Dimic, Pavle"]
[Result "1/2-1/2"]
[WhiteElo "2188"]
[BlackElo "2357"]
[EventDate "2017.11.13"]
[PlyCount "88"]

1.e4 c5 2.c3 Nf6 3.e5 Nd5 4.d4 cxd4 5.cxd4 d6 6.f4 Nc6 7.Nf3 dxe5 8.fxe5 
Bg4 9.Nc3 e6 10.Bb5 Be7 11.O-O O-O 12.Kh1 Rc8 13.Ba4 Nb6 14.Bc2 f6 15.Bf4 
fxe5 16.Bxe5 Nxe5 17.dxe5 Qxd1 18.Raxd1 Nc4 19.Rd7 Bc5 20.Bd3 Nxb2 21.Be2 
Bb6 22.Ne4 Rc2 23.Ng3 Na4 24.Bd3 Rc7 25.Rxc7 Bxc7 26.Rc1 Bb6 27.Ng5 h6 28.
N5e4 Rd8 29.Nd6 Nc5 30.Bc4 Kh7 31.h3 Bf5 32.Ngxf5 exf5 33.Nxf5 Ne4 34.e6 
g6 35.e7 Re8 36.Nh4 Kg7 37.Re1 Nd6 38.Be6 Bf2 39.Rf1 Rxe7 40.Nf3 Kf6 41.
Bb3 Re2 42.Nd4 Re1 43.Rxe1 Bxe1 44.Bc2 Bf2 1/2-1/2

[Event "56th World U20 ch"]
[Site "Tarvisio ITA"]
[Date "2017.11.20"]
[Round "7.49"]
[White "Urazayev, Arystanbek"]
[Black "Tahay, Alexis"]
[Result "1/2-1/2"]
[WhiteElo "2349"]
[BlackElo "2285"]
[EventDate "2017.11.13"]
[PlyCount "63"]

1.e4 c5 2.Nf3 d6 3.d4 cxd4 4.Nxd4 Nf6 5.Nc3 a6 6.Bg5 e6 7.f4 Qb6 8.Qd2 Nc6
9.Bxf6 gxf6 10.Nb3 Bd7 11.O-O-O O-O-O 12.Be2 h5 13.Rhf1 Kb8 14.Rf3 Be7 15.
Kb1 Rc8 16.Bf1 h4 17.Na4 Qa7 18.Qe1 Rc7 19.Nc3 Qb6 20.Rh3 Na5 21.Rxh4 Rhc8
22.Rh7 Be8 23.h4 Nc4 24.Bxc4 Rxc4 25.h5 a5 26.h6 f5 27.e5 d5 28.Rh8 Bd7 
29.Rxc8+ Rxc8 30.a4 Rh8 31.Rd3 d4 32.Rxd4 {... 62 moves} 1/2-1/2

[Event "56th World U20 ch"]
[Site "Tarvisio ITA"]
[Date "2017.11.20"]
[Round "7.50"]
[White "Zarubitsky, Viachaslau"]
[Black "Favaloro, Andrea"]
[Result "1-0"]
[WhiteElo "2344"]
[BlackElo "2260"]
[EventDate "2017.11.13"]
[PlyCount "69"]

1.e4 e6 2.d4 d5 3.Nc3 Nf6 4.Bg5 Bb4 5.e5 h6 6.Bd2 Bxc3 7.bxc3 Ne4 8.Bc1 c5
9.Ne2 Qa5 10.f3 Nxc3 11.Qd2 cxd4 12.Nxd4 Qc7 13.Bb2 Na4 14.Nb5 Qd8 15.Ba3 
Nc6 16.Nd6+ Kd7 17.Nxf7 Qh4+ 18.g3 Qh5 19.Qf4 Rh7 20.Bd3 g5 21.Qxa4 Rxf7 
22.O-O Rxf3 23.Bd6 g4 24.Be2 Qg5 25.Bxf3 Qe3+ 26.Kg2 gxf3+ 27.Rxf3 Qd4 28.
Rf7+ Kd8 29.Qxd4 Nxd4 30.c3 Nf5 31.g4 Nxd6 32.exd6 Bd7 33.Re1 Rc8 34.Rf8+ 
Be8 35.Rxe6 1-0

[Event "56th World U20 ch"]
[Site "Tarvisio ITA"]
[Date "2017.11.20"]
[Round "7.51"]
[White "Sadhwani, Raunak"]
[Black "Li, Henry"]
[Result "1-0"]
[WhiteElo "2339"]
[BlackElo "2168"]
[EventDate "2017.11.13"]
[PlyCount "71"]

1.e4 e5 2.Nf3 Nc6 3.Bc4 Nf6 4.d3 Be7 5.O-O O-O 6.Re1 d6 7.c3 Na5 8.Bb5 a6 
9.Ba4 c5 10.Nbd2 h6 11.Nf1 b5 12.Bc2 Re8 13.d4 cxd4 14.cxd4 Qc7 15.d5 Bd7 
16.Bd3 Rec8 17.b3 Nb7 18.Bd2 Nc5 19.Rc1 Qb7 20.Bb1 b4 21.Ng3 Qb5 22.Rc4 a5
23.Nh4 g6 24.h3 Kh7 25.f4 Nfxe4 26.Nxe4 Nxe4 27.Rexe4 f5 28.Nxg6 fxe4 29.
Nxe7 Rxc4 30.bxc4 Qxc4 31.Qh5 Be8 32.Qf5+ Kg7 33.Qe6 Ra7 34.Nf5+ Kf8 35.
fxe5 Bf7 36.Qxh6+ 1-0

[Event "56th World U20 ch"]
[Site "Tarvisio ITA"]
[Date "2017.11.20"]
[Round "7.52"]
[White "Piyumantha, M. Sasith Nipun"]
[Black "Villegas, Franco"]
[Result "1/2-1/2"]
[WhiteElo "2032"]
[BlackElo "2328"]
[EventDate "2017.11.13"]
[PlyCount "64"]

1.d4 Nf6 2.c4 g6 3.g3 d5 4.cxd5 Qxd5 5.Nf3 Bg7 6.Bg2 O-O 7.O-O c6 8.Bg5 h6
9.Nc3 Qd8 10.Bf4 Be6 11.e4 Qc8 12.Re1 Rd8 13.Qc2 Na6 14.a3 Bh3 15.Rad1 
Bxg2 16.Kxg2 Nc7 17.h3 Ne6 18.Be3 g5 19.Ne5 Nh5 20.Qe2 Nhf4+ 21.gxf4 gxf4 
22.Qh5 Bxe5 23.Qxe5 Ng5 24.Qf5 fxe3 25.fxe3 Rd6 26.h4 Nh7 27.Qxc8+ Rxc8 
28.e5 Rg6+ 29.Kf3 Kh8 30.Rg1 Rcg8 31.Rxg6 Rxg6 32.Ne2 Nf8 1/2-1/2

[Event "56th World U20 ch"]
[Site "Tarvisio ITA"]
[Date "2017.11.20"]
[Round "7.53"]
[White "Brazdzionis, Andrius"]
[Black "De Vleeschauwer, Maarten"]
[Result "1/2-1/2"]
[WhiteElo "2322"]
[BlackElo "2139"]
[EventDate "2017.11.13"]
[PlyCount "80"]

1.c4 Nf6 2.d4 c5 3.d5 b5 4.f3 g6 5.e4 d6 6.cxb5 a6 7.bxa6 Bg7 8.Bb5+ Bd7 
9.a4 Nxa6 10.Na3 Bxb5 11.Nxb5 Qa5+ 12.Bd2 Nb4 13.Qb3 Bh6 14.Bc3 O-O 15.Ra3
Nd7 16.Ne2 Be3 17.Ned4 cxd4 18.Bxb4 Qb6 19.Bd2 Rfc8 20.Bxe3 dxe3 21.Nc3 
Qxb3 22.Rxb3 Nc5 23.Ra3 Nxa4 24.Ke2 Nxc3+ 25.Rxc3 Rcb8 26.Rc2 Rb3 27.h4 f5
28.exf5 gxf5 29.g3 Kf7 30.Rc3 Rxb2+ 31.Kxe3 Rg2 32.Re1 Ra4 33.Rc7 Rb4 34.
Ra7 Kf6 35.Kd3 Rb3+ 36.Kc4 Rxf3 37.Re6+ Kf7 38.Raxe7+ Kf8 39.Re8+ Kf7 40.
R8e7+ Kf8 1/2-1/2

[Event "56th World U20 ch"]
[Site "Tarvisio ITA"]
[Date "2017.11.20"]
[Round "7.54"]
[White "Abdulla, Murad"]
[Black "Bayramov, Elkhan"]
[Result "0-1"]
[WhiteElo "2316"]
[BlackElo "2065"]
[EventDate "2017.11.13"]
[PlyCount "112"]

1.e4 c5 2.Nf3 d6 3.d4 cxd4 4.Nxd4 Nf6 5.Nc3 Nc6 6.Be3 Ng4 7.Bb5 Nxe3 8.
fxe3 Bd7 9.O-O Ne5 10.Nf3 Ng4 11.Ng5 Ne5 12.Qd5 e6 13.Qxb7 Rb8 14.Qxa7 Ra8
15.Bxd7+ Nxd7 16.Nxf7 Rxa7 17.Nxd8 Kxd8 18.a4 Be7 19.Nb5 Ra6 20.Nd4 d5 21.
exd5 exd5 22.c3 Bg5 23.Nc2 Re8 24.Rf5 Bxe3+ 25.Nxe3 Rxe3 26.Rxd5 Ke7 27.
Kf2 Rae6 28.a5 Re2+ 29.Kg1 Rxb2 30.a6 Ree2 31.Rg5 g6 32.a7 Nb6 33.h4 Na8 
34.Raa5 Ra2 35.h5 Kf6 36.hxg6 hxg6 37.Rxa2 Rxa2 38.Rc5 Rxa7 39.Rc6+ Kf5 
40.Rc5+ Kg4 41.Rd5 Nc7 42.Rd6 Ra6 43.Rd4+ Kf5 44.Kh2 Rc6 45.Rd3 Ke4 46.
Rd4+ Ke5 47.Rg4 Kf5 48.Rg3 Nd5 49.Rf3+ Ke5 50.Rg3 Nxc3 51.Re3+ Ne4 52.Ra3 
g5 53.g3 Rc3 54.Ra5+ Rc5 55.Ra2 Kf5 56.Ra4 Rc2+ 0-1

[Event "56th World U20 ch"]
[Site "Tarvisio ITA"]
[Date "2017.11.20"]
[Round "7.55"]
[White "Sukovic, Andrej"]
[Black "Tarini, Goyal"]
[Result "1-0"]
[WhiteElo "2306"]
[BlackElo "2062"]
[EventDate "2017.11.13"]
[PlyCount "89"]

1.e4 c6 2.Nc3 d5 3.d4 dxe4 4.Nxe4 Bf5 5.Ng3 Bg6 6.Nf3 e6 7.h4 h6 8.Ne5 Bh7
9.Bd3 Bxd3 10.Qxd3 Nd7 11.Qe2 Ngf6 12.Bd2 Be7 13.O-O-O O-O 14.Nf1 Nd5 15.
g4 Nxe5 16.dxe5 Qb6 17.g5 h5 18.Ng3 Qa6 19.Qxa6 bxa6 20.Nxh5 Rab8 21.Ng3 
Bc5 22.f4 Ne3 23.Rde1 Nc4 24.Ne4 Bb6 25.b3 Nxd2 26.Nxd2 Ba5 27.Re2 Rfd8 
28.Nc4 Bb4 29.Kb2 Rd5 30.h5 Bf8 31.c3 a5 32.a4 Rbd8 33.Kc2 Rd3 34.Rd2 
Rxd2+ 35.Nxd2 Bc5 36.Nc4 Rd5 37.Rh3 Be7 38.Rd3 Bd8 39.Ne3 Rxd3 40.Kxd3 Bb6
41.Nc4 Bf2 42.Nxa5 c5 43.Nc6 a6 44.Nb8 a5 45.Nc6 1-0

[Event "56th World U20 ch"]
[Site "Tarvisio ITA"]
[Date "2017.11.20"]
[Round "7.56"]
[White "Chinguun, Bayaraa"]
[Black "Ioannidis, Evgenios"]
[Result "1/2-1/2"]
[WhiteElo "1820"]
[BlackElo "2302"]
[EventDate "2017.11.13"]
[PlyCount "118"]

1.d4 d5 2.c4 c6 3.Nf3 Nf6 4.Nc3 e6 5.Bg5 h6 6.Bxf6 Qxf6 7.g3 dxc4 8.Bg2 
Bb4 9.O-O O-O 10.a4 Nd7 11.Ne4 Qe7 12.Nfd2 e5 13.Nxc4 Rd8 14.dxe5 Nxe5 15.
Qc1 Rd4 16.Ne3 Ng4 17.h3 Nxe3 18.Qxe3 Rd5 19.Rad1 Re5 20.Qf4 Bf5 21.Rd4 c5
22.Rc4 g5 23.Qf3 Qe6 24.Rfc1 Bxe4 25.Rxe4 Re8 26.Rcc4 Rxe4 27.Rxe4 Qxe4 
28.Qxe4 Rxe4 29.Bxe4 b6 30.Bd5 Kg7 31.e4 Kf6 32.f3 Be1 33.Kg2 Bd2 34.Kf2 
Ke7 35.Ke2 Bc1 36.b3 f6 37.Kd1 Bb2 38.f4 Kd6 39.Bc4 Bc3 40.Ke2 Bb4 41.Kf3 
Be1 42.Bb5 Ke6 43.Bc4+ Kd6 44.Bg8 Bc3 45.h4 Be1 46.hxg5 hxg5 47.Bc4 Ke7 
48.Kg4 Bf2 49.Kf3 Be1 50.e5 gxf4 51.gxf4 fxe5 52.fxe5 Kd7 53.Ke4 Bg3 54.
Kd5 a5 55.Bb5+ Ke7 56.Kc6 Bxe5 57.Kxb6 Bc3 58.Kxc5 Bb4+ 59.Kc6 Ke6 1/2-1/2

[Event "56th World U20 ch"]
[Site "Tarvisio ITA"]
[Date "2017.11.20"]
[Round "7.57"]
[White "Urbanc, Peter"]
[Black "Hiebert, Kenji"]
[Result "1-0"]
[WhiteElo "2290"]
[BlackElo "2017"]
[EventDate "2017.11.13"]
[PlyCount "109"]

1.c4 c5 2.Nc3 Nc6 3.Nf3 g6 4.d4 cxd4 5.Nxd4 Bg7 6.e3 Nf6 7.g3 Nxd4 8.Qxd4 
b6 9.Bg2 Rb8 10.O-O O-O 11.e4 d6 12.Qd3 Bb7 13.Bg5 Nd7 14.Rac1 Re8 15.b3 
a6 16.Rfd1 h6 17.Bf4 Bc6 18.Nd5 b5 19.cxb5 Bxd5 20.exd5 axb5 21.Qd2 h5 22.
Rc6 b4 23.Rdc1 Qa5 24.a4 Be5 25.Bxe5 Nxe5 26.Rc7 Qb6 27.Kh1 Rb7 28.R7c2 
Nd7 29.Rc6 Qa5 30.Be4 Nf6 31.Bf3 Nd7 32.Be4 Nf6 33.Bg2 Nd7 34.Qh6 Nc5 35.
R1xc5 dxc5 36.Be4 e6 37.dxe6 fxe6 38.Qxg6+ Kf8 39.Qh6+ Rg7 40.Qh8+ Kf7 41.
Qxh5+ Kf8 42.Rxc5 Qa7 43.Bc6 Ree7 44.Qh8+ Kf7 45.Rc4 Kf6 46.Qf8+ Rgf7 47.
Qh8+ Rg7 48.Rf4+ Ke5 49.Re4+ Kd6 50.Qd8+ Kxc6 51.Rc4+ Qc5 52.Qc8+ Rc7 53.
Qxe6+ Kb7 54.Rxc5 Rxc5 55.Qe4+ 1-0

[Event "56th World U20 ch"]
[Site "Tarvisio ITA"]
[Date "2017.11.20"]
[Round "7.58"]
[White "Pavic, Filip"]
[Black "Harutiunian, Tigran"]
[Result "0-1"]
[WhiteElo "2228"]
[BlackElo "2508"]
[EventDate "2017.11.13"]
[PlyCount "54"]

1.e4 e5 2.Nf3 Nc6 3.Bb5 a6 4.Ba4 Nf6 5.O-O b5 6.Bb3 Bc5 7.a4 Rb8 8.axb5 
axb5 9.Nxe5 Nxe5 10.d4 Bxd4 11.Qxd4 d6 12.f4 c5 13.Qc3 Nc6 14.e5 Ne4 15.
Qd3 c4 16.Qxe4 d5 17.Qe3 cxb3 18.Qxb3 O-O 19.Nc3 Qb6+ 20.Kh1 Nd4 21.Qxd5 
Rd8 22.Qe4 Bb7 23.Qe3 b4 24.Nd1 Bxg2+ 25.Kxg2 Qc6+ 26.Kf2 Nxc2 27.Qa7 Nxa1
0-1

[Event "56th World U20 ch"]
[Site "Tarvisio ITA"]
[Date "2017.11.20"]
[Round "7.59"]
[White "Huber, Martin Christian"]
[Black "Sesar, Ivan"]
[Result "1-0"]
[WhiteElo "2396"]
[BlackElo "2207"]
[EventDate "2017.11.13"]
[PlyCount "75"]

1.d4 Nf6 2.c4 e6 3.Nf3 b6 4.a3 Bb7 5.Nc3 d5 6.cxd5 Nxd5 7.e3 Be7 8.Bb5+ c6
9.Bd3 c5 10.Nxd5 Qxd5 11.e4 Qd7 12.O-O O-O 13.Bf4 cxd4 14.Rc1 Na6 15.Rc4 
Bc5 16.b4 Be7 17.Rxd4 Qe8 18.Qe2 Nb8 19.Rc1 Nc6 20.Rdc4 b5 21.R4c3 a6 22.
e5 Qd7 23.Qc2 Rac8 24.Bxh7+ Kh8 25.Rd1 Nxb4 26.axb4 Qxd1+ 27.Qxd1 Rxc3 28.
Bb1 Bxf3 29.gxf3 Bxb4 30.Qd4 Rc4 31.Qd3 g6 32.Bg5 Rfc8 33.Ba2 R4c6 34.h4 
Rc3 35.Qe4 Rc2 36.Bxe6 fxe6 37.Qxg6 Be7 38.Bxe7 1-0

[Event "56th World U20 ch"]
[Site "Tarvisio ITA"]
[Date "2017.11.20"]
[Round "7.60"]
[White "Miciano, John Marvin"]
[Black "Lopez Gonzalez, Abel Fabian"]
[Result "1/2-1/2"]
[WhiteElo "2151"]
[BlackElo "2384"]
[EventDate "2017.11.13"]
[PlyCount "91"]

1.e4 e5 2.Nf3 Nc6 3.Bb5 a6 4.Ba4 Nf6 5.O-O Be7 6.Re1 b5 7.Bb3 d6 8.c3 O-O 
9.h3 Nb8 10.d4 Nbd7 11.Nbd2 Bb7 12.Bc2 Re8 13.Nf1 Bf8 14.Ng3 g6 15.a4 c5 
16.d5 c4 17.Nh2 Nc5 18.Ng4 Nxg4 19.Qxg4 Bc8 20.Qe2 Bd7 21.Be3 Nxa4 22.Bxa4
bxa4 23.Qxc4 Rb8 24.Qe2 Rb3 25.Nf1 Qc7 26.Qc2 Reb8 27.Bc1 f5 28.exf5 gxf5 
29.Ng3 Qc8 30.Qd2 Qe8 31.f4 Qg6 32.Qf2 Be7 33.Nf1 e4 34.Ra2 Bd8 35.Be3 a3 
36.Rxa3 Rxb2 37.Nd2 Bb5 38.c4 Bxc4 39.Bd4 Kf7 40.Bxb2 Rxb2 41.Nxc4 Rxf2 
42.Kxf2 Qf6 43.Rd1 Bb6+ 44.Kg3 Bc5 45.Rb3 h5 46.Kh2 {... 53 moves} 1/2-1/2

[Event "56th World U20 ch"]
[Site "Tarvisio ITA"]
[Date "2017.11.20"]
[Round "7.61"]
[White "Lamard, Guillaume"]
[Black "Bezuidenhout, Roland"]
[Result "0-1"]
[WhiteElo "2376"]
[BlackElo "2118"]
[EventDate "2017.11.13"]
[PlyCount "190"]

1.Nf3 Nf6 2.c4 e6 3.g3 b6 4.Bg2 Bb7 5.O-O Be7 6.b3 O-O 7.Bb2 c5 8.e3 Nc6 
9.Nc3 Rc8 10.d4 cxd4 11.Nxd4 Qc7 12.Nde2 Qb8 13.e4 Rfd8 14.Qd2 Ne5 15.Rad1
Qa8 16.Qd4 Neg4 17.h3 Bc5 18.Qd3 Ne5 19.Qb1 Ng6 20.Kh1 d5 21.exd5 exd5 22.
cxd5 Nxd5 23.Nxd5 Rxd5 24.Bxd5 Bxd5+ 25.Kh2 Bg2 26.Qd3 Bxf1 27.Rxf1 Rd8 
28.Qc3 f6 29.Qc4+ Kh8 30.b4 Bd6 31.h4 Qf3 32.Ng1 Qf5 33.Kg2 Rc8 34.Qe2 Rc2
35.Qe8+ Nf8 36.Bd4 Kg8 37.Qe3 Qd5+ 38.Nf3 Bxb4 39.a3 Bc5 40.Rd1 Bxd4 41.
Rxd4 Qf7 42.Rd8 Rc7 43.Qe4 Rd7 44.Rc8 Qe7 45.Qc4+ Qf7 46.Qe4 Qe7 47.Qa4 
Qf7 48.Ra8 h5 49.Qf4 Re7 50.Qb8 Rb7 51.Qc8 Rc7 52.Qf5 g6 53.Qf4 Kg7 54.Qa4
Ne6 55.Kh2 Nc5 56.Qd4 Qd7 57.Qe3 Qe7 58.Qf4 Nd3 59.Qd2 Rd7 60.Qa2 Qf7 61.
Qe2 Qe7 62.Qa2 Rd8 63.Rxd8 Qxd8 64.Kg1 Nc5 65.Qc4 Qd3 66.Qf4 Ne6 67.Qb4 
Nc5 68.Kg2 Qe4 69.Qc3 a5 70.Qb2 Nd7 71.Qd4 Qxd4 72.Nxd4 Kf7 73.Kf3 Ne5+ 
74.Ke4 Nc4 75.Nb5 Ke6 76.Kd4 Nd6 77.Nc7+ Kd7 78.Nd5 Nb5+ 79.Kc4 Nxa3+ 80.
Kb3 Nb5 81.Nxb6+ Ke6 82.Kc4 Nd6+ 83.Kd4 Kf5 84.Nd5 g5 85.Ne3+ Ke6 86.Ng2 
a4 87.Kc3 Ne4+ 88.Kb4 Nxf2 89.Kxa4 Ne4 90.g4 hxg4 91.h5 f5 92.h6 Nf6 93.
Kb3 f4 94.Kc3 Kf5 95.Kd4 g3 0-1

[Event "56th World U20 ch"]
[Site "Tarvisio ITA"]
[Date "2017.11.20"]
[Round "7.62"]
[White "Fuentes Parra, Victor Ignacio"]
[Black "Noboa Silva, Kevin"]
[Result "1-0"]
[WhiteElo "2087"]
[BlackElo "2356"]
[EventDate "2017.11.13"]
[PlyCount "123"]

1.d4 Nf6 2.Nf3 e6 3.e3 b6 4.Bd3 Bb7 5.Nbd2 c5 6.O-O Be7 7.b3 O-O 8.Bb2 d6 
9.Re1 Nbd7 10.c4 Re8 11.e4 cxd4 12.Bxd4 Qc7 13.Qc2 Rad8 14.Rad1 a6 15.Qb1 
Qb8 16.Nf1 e5 17.Bb2 Nc5 18.Bc2 Qa8 19.Ng3 a5 20.a3 Ne6 21.Bc1 Bc6 22.b4 
axb4 23.axb4 Ba4 24.Be3 Bxc2 25.Qxc2 Qc6 26.Rc1 Bf8 27.Ng5 Rc8 28.Qb3 Nd8 
29.Nf3 h6 30.h3 Ne6 31.Nd2 b5 32.f3 Rb8 33.Nf5 Kh7 34.cxb5 Qxb5 35.Nc4 
Red8 36.Red1 Ne8 37.Rb1 g6 38.Rd5 Qb7 39.Ng3 N8c7 40.Ra5 Nb5 41.Ne2 Ned4 
42.Bxd4 exd4 43.Na3 Nxa3 44.Qxa3 Bg7 45.Nf4 Ra8 46.Nd5 f5 47.Rxa8 Rxa8 48.
Qd3 fxe4 49.fxe4 h5 50.b5 Rc8 51.b6 Rc6 52.g4 hxg4 53.hxg4 Be5 54.Qh3+ Kg8
55.Qh6 Rc8 56.Qxg6+ Kh8 57.Qh5+ Kg8 58.Qg5+ Kh8 59.Ne7 Bh2+ 60.Kxh2 Rc2+ 
61.Kh3 Rc3+ 62.Kh4 1-0

[Event "56th World U20 ch"]
[Site "Tarvisio ITA"]
[Date "2017.11.20"]
[Round "7.63"]
[White "Nowak, Lukasz"]
[Black "Heinechen, Juan"]
[Result "1-0"]
[WhiteElo "2310"]
[BlackElo "2101"]
[EventDate "2017.11.13"]
[PlyCount "99"]

1.e4 c5 2.Nf3 d6 3.d4 cxd4 4.Nxd4 Nf6 5.Nc3 g6 6.Be3 Bg7 7.f3 O-O 8.Qd2 
Nc6 9.O-O-O d5 10.Kb1 Nxd4 11.e5 Nf5 12.exf6 exf6 13.Bc5 d4 14.Bxf8 Qxf8 
15.Nb5 Ne3 16.Rc1 Bh6 17.f4 Bxf4 18.Qxd4 g5 19.Bd3 Nf5 20.Qxf6 Bxc1 21.
Bxf5 Bxf5 22.Qxf5 Be3 23.Nc7 Rd8 24.Ne6 fxe6 25.Qxe6+ Qf7 26.Qxe3 Qd5 27.
b3 h6 28.Re1 Rd7 29.a4 Kg7 30.h4 Kg6 31.hxg5 hxg5 32.Qh3 Rf7 33.Rh1 Kf6 
34.Qc3+ Ke6 35.Qc8+ Kd6 36.Qd8+ Kc5 37.Qa5+ Kd6 38.Rh6+ Ke5 39.Qe1+ Kf5 
40.Qf2+ Ke5 41.Qe2+ Kf4 42.Rh3 Kf5 43.Rd3 Qc6 44.Qh5 Rf6 45.Qh7+ Ke5 46.
Re3+ Kd4 47.Qd3+ Kc5 48.Re5+ Kb4 49.Qd4+ Ka3 50.Qb2+ 1-0

[Event "56th World U20 ch"]
[Site "Tarvisio ITA"]
[Date "2017.11.20"]
[Round "7.64"]
[White "Silva, David"]
[Black "Gomez Barrera, Gonzalo Andres"]
[Result "1-0"]
[WhiteElo "2285"]
[BlackElo "1741"]
[EventDate "2017.11.13"]
[PlyCount "66"]

1.e4 c5 2.Nf3 d6 3.d4 cxd4 4.Nxd4 Nf6 5.Nc3 Nc6 6.Bg5 e6 7.Qd2 Be7 8.O-O-O
a6 9.f3 h6 10.Be3 O-O 11.h4 Nxd4 12.Bxd4 e5 13.Be3 b6 14.g4 Nh7 15.g5 hxg5
16.hxg5 Bxg5 17.Kb1 Bxe3 18.Qxe3 f5 19.f4 exf4 20.Qxf4 fxe4 21.Qxe4 Bf5 
22.Qd5+ Kh8 23.Bd3 Qf6 24.Ne4 Bxe4 25.Qxe4 g6 26.Rdf1 Qg7 27.Rxf8+ Rxf8 
28.Qxg6 Rf7 29.Qxd6 Qg2 30.Rxh7+ Rxh7 31.Qf8+ Qg8 32.Qxg8+ Kxg8 33.Bxh7+ 
Kxh7 1-0

[Event "56th World U20 ch"]
[Site "Tarvisio ITA"]
[Date "2017.11.20"]
[Round "7.65"]
[White "Song Yuxin"]
[Black "Milosevic, Milos"]
[Result "0-1"]
[WhiteElo "1951"]
[BlackElo "2249"]
[EventDate "2017.11.13"]
[PlyCount "110"]

1.e4 c5 2.c3 e6 3.d4 d5 4.exd5 Qxd5 5.Nf3 Nc6 6.Be2 cxd4 7.cxd4 Nf6 8.O-O 
Be7 9.Nc3 Qd6 10.Be3 O-O 11.Rc1 b6 12.Qd2 Nb4 13.Ne5 Nbd5 14.Bd3 b5 15.Bb1
Bb7 16.Qe2 Rac8 17.Bg5 h6 18.Bd2 Rfd8 19.Rcd1 Nxc3 20.bxc3 Qd5 21.f3 b4 
22.Qd3 a5 23.Rfe1 bxc3 24.Bxc3 Bb4 25.Bxb4 axb4 26.Qd2 Qd6 27.Qf4 Rc4 28.
Re3 Rxd4 29.Red3 Rxd3 30.Rxd3 Qc5+ 31.Kh1 Bd5 32.Rd1 Qc3 33.Rc1 g5 34.Rxc3
gxf4 35.Rc1 Bb7 36.Nd3 Nd5 37.h3 Ba6 38.Ne5 Ne3 39.Rg1 Rd2 40.g3 fxg3 41.
Rxg3+ Kf8 42.f4 Rd1+ 43.Rg1 Bb7+ 44.Kh2 Nf1+ 45.Rxf1 Rxf1 46.Bd3 Rf2+ 47.
Kg3 Rxa2 48.Nd7+ Ke7 49.Nc5 Bd5 50.f5 Kd6 51.Ne4+ Bxe4 52.Bxe4 Ke5 53.Bb1 
Ra3+ 54.Kg2 exf5 55.h4 Ra1 0-1

[Event "56th World U20 ch"]
[Site "Tarvisio ITA"]
[Date "2017.11.20"]
[Round "7.66"]
[White "Cappelletto, Joshuaede"]
[Black "Pangilinan, Stephen Rome"]
[Result "0-1"]
[WhiteElo "1920"]
[BlackElo "2183"]
[EventDate "2017.11.13"]
[PlyCount "50"]

1.e4 c5 2.Nf3 Nc6 3.d4 cxd4 4.Nxd4 g6 5.Nc3 Bg7 6.Be3 Nf6 7.Bc4 O-O 8.Bb3 
d6 9.f3 Bd7 10.Qd2 Ne5 11.O-O-O Rc8 12.h4 h5 13.Kb1 Nc4 14.Bxc4 Rxc4 15.
Qd3 Qc8 16.Ndb5 a6 17.Na3 Rc6 18.Bg5 Be6 19.Ne2 b5 20.Nd4 b4 21.Nxc6 Qxc6 
22.g4 bxa3 23.e5 Nd5 24.Qxa3 Rb8 25.Kc1 Bxe5 0-1

[Event "56th World U20 ch"]
[Site "Tarvisio ITA"]
[Date "2017.11.20"]
[Round "7.67"]
[White "Thilakarathne, G. M. H."]
[Black "Lindholm, Jere"]
[Result "1-0"]
[WhiteElo "2141"]
[BlackElo "2064"]
[EventDate "2017.11.13"]
[PlyCount "83"]

1.e4 c5 2.Nf3 d6 3.d4 cxd4 4.Nxd4 Nf6 5.Nc3 a6 6.Bg5 e6 7.f4 h6 8.Bh4 Qb6 
9.a3 Be7 10.Bf2 Qc7 11.Qf3 Nbd7 12.O-O-O b5 13.g4 Bb7 14.Bg2 Rc8 15.Rhe1 
Nb6 16.g5 hxg5 17.fxg5 Nfd7 18.g6 Bg5+ 19.Kb1 Ne5 20.Qg3 Bh4 21.Qh3 Nxg6 
22.Nxe6 fxe6 23.Qxe6+ Ne7 24.Bxh4 Rxh4 25.Rf1 Qc4 26.Qxd6 Rh6 27.Qe5 Nd7 
28.Qxg7 Rg6 29.Qh8+ Qg8 30.Qh3 Ne5 31.Qh5 Rc5 32.Nd5 Bxd5 33.exd5 Kd7 34.
Be4 Rg5 35.Qh3+ Ng4 36.d6 Ng6 37.Qf3 Nxh2 38.Qf7+ Qxf7 39.Rxf7+ Kd8 40.d7 
Rh5 41.Bxg6 Rh8 42.Rf6 1-0

[Event "56th World U20 ch"]
[Site "Tarvisio ITA"]
[Date "2017.11.20"]
[Round "7.68"]
[White "Lin Zhaochen"]
[Black "Schweighoffer, Martin"]
[Result "1/2-1/2"]
[WhiteElo "1852"]
[BlackElo "2123"]
[EventDate "2017.11.13"]
[PlyCount "174"]

1.e4 e5 2.Nf3 Nc6 3.Bc4 Bc5 4.c3 Nf6 5.d4 exd4 6.cxd4 Bb4+ 7.Bd2 Nxe4 8.
Bxb4 Nxb4 9.Bxf7+ Kxf7 10.Qb3+ d5 11.Ne5+ Ke6 12.Qxb4 c5 13.Qa3 Qh4 14.O-O
Rf8 15.Nf3 Rxf3 16.Qxf3 Ke7 17.Nc3 Be6 18.Nxe4 dxe4 19.Qc3 Kf7 20.Qxc5 Kg8
21.Qe5 Re8 22.d5 Bf7 23.Qd4 Qg5 24.Rac1 Qxd5 25.Qxd5 Bxd5 26.b3 Bc6 27.
Rfe1 Rf8 28.Rcd1 Rf5 29.Re3 Rc5 30.Re2 Kf7 31.h3 g5 32.Rd4 Rc1+ 33.Kh2 a6 
34.Red2 Rc5 35.Rc4 Rf5 36.b4 Rf6 37.Rc5 Kg6 38.Kg3 h5 39.Kh2 h4 40.Kg1 Re6
41.Rd8 Kf6 42.Kf1 b6 43.Rc3 Ke5 44.Ke2 Rf6 45.Rg8 Kd4 46.Rc1 Bb5+ 47.Ke1 
Rf5 48.Rg6 Ke5 49.Rxb6 Kf4 50.Rc5 Rf7 51.Rd6 g4 52.Rh5 g3 53.Rd2 Rc7 54.
Rxh4+ Ke5 55.Rh5+ Kf4 56.Rc5 Rg7 57.Rd4 Bd3 58.a4 Rf7 59.Rxd3 gxf2+ 60.
Kxf2 exd3 61.Rc4+ Ke5+ 62.Ke3 Rg7 63.Rc5+ Kd6 64.g4 Rb7 65.Rh5 Rxb4 66.a5 
Rb3 67.Kd2 Ra3 68.Rg5 Ra2+ 69.Kd1 Rh2 70.Rh5 Ke7 71.Rh6 Kf7 72.h4 Rg2 73.
g5 Rg4 74.Kd2 Rd4 75.Rf6+ Ke7 76.Rh6 Ra4 77.Rxa6 Rxh4 78.Kxd3 Kf7 79.Ra8 
Rg4 80.a6 Kg7 81.a7 Ra4 82.g6 Ra1 83.Kc3 Ra6 84.Kb4 Ra1 85.Kb5 Rb1+ 86.Ka4
Ra1+ 87.Kb3 Ra6 $11 1/2-1/2

[Event "56th World U20 ch"]
[Site "Tarvisio ITA"]
[Date "2017.11.20"]
[Round "7.69"]
[White "Bischofberger, Dario"]
[Black "Valente, Joao Nuno Baptista"]
[Result "1/2-1/2"]
[WhiteElo "2108"]
[BlackElo "1897"]
[EventDate "2017.11.13"]
[PlyCount "96"]

1.d4 Nf6 2.c4 g6 3.g3 Bg7 4.Bg2 O-O 5.Nc3 d6 6.e4 c5 7.Nge2 cxd4 8.Nxd4 
Nc6 9.Nc2 Nd7 10.Nd5 Nc5 11.O-O a5 12.Nce3 Bd7 13.Rb1 Nb4 14.a3 Nxd5 15.
exd5 b5 16.b3 bxc4 17.bxc4 Rb8 18.Bd2 Ba4 19.Rxb8 Qxb8 20.Qe1 Qb2 21.Bxa5 
Nd3 22.Qb1 Qxa3 23.Be4 Nb2 24.Bd2 f5 25.Bc2 Bxc2 26.Qxc2 Rc8 27.Rb1 Nd3 
28.Nd1 Ne5 29.Ne3 Qa6 30.Rc1 Rb8 31.Bc3 Nxc4 32.Qe2 Bxc3 33.Nxc4 Bf6 34.
Qe6+ Kg7 35.Ne3 Qa3 36.Re1 Qc3 37.Kg2 Rb2 38.Nd1 Qb3 39.Nxb2 Qxb2 40.h4 h5
41.Re2 Qb8 42.Qd7 Qf8 43.f4 Qf7 44.Qb5 Kg8 45.Qb7 Qg7 46.Rc2 Bd4 47.Rc7 
Bf6 48.Kh2 Qf7 {... 58 moves} 1/2-1/2